[Event "FRA-ch Blitz Online Qual"]
[Site "Europe Echecs INT"]
[Date "2020.05.16"]
[Round "11"]
[White "Colette, Thierry"]
[Black "Vernadet, Jacques"]
[Result "0-1"]
[WhiteElo "1411"]
[BlackElo "1600"]
[PlyCount "52"]
[EventDate "2020.05.16"]
[EventType "swiss (blitz)"]
[EventRounds "15"]
[EventCountry "FRA"]
[SourceTitle "CBM 196 Extra"]
[Source "ChessBase"]
[SourceDate "2020.07.31"]
[SourceVersion "1"]
[SourceVersionDate "2020.07.31"]
[SourceQuality "1"]

1. e4 c5 2. Nc3 Nc6 3. g3 e6 4. Bg2 Nf6 5. d3 g6 6. f4 d6 7. Nf3 Bg7 8. 0-0 0-0 9. f5 exf5 10. exf5 Bxf5 11. Nh4 Bd7 12. Bg5 h6 13. Bd2 Be6 14. Qc1 Kh7 15. Ne2 Nd5 16. Nc3 Nc7 17. Ne2 f5 18. Bc3 Bxc3 19. Nxc3 a6 20. Qd2 Nd4 21. Ne2 Qf6 22. Bxb7 Rab8 23. Bg2 Rxb2 24. Rfb1 Rxc2 25. Qe3 Rxe2 26. Qf3 Nxf3+ 0-1

[Event "Montigny le Bretonneux op 21st"]
[Site "Montigny le Bretonneux"]
[Date "2017.05.25"]
[Round "3"]
[White "Branson, James"]
[Black "Colette, Thierry"]
[Result "1-0"]
[WhiteElo "1564"]
[BlackElo "1371"]
[PlyCount "52"]
[EventDate "2017.05.25"]
[EventType "swiss"]
[EventRounds "9"]
[EventCountry "FRA"]
[SourceTitle "EXT 2020"]
[Source "ChessBase"]
[SourceDate "2019.10.17"]
[SourceVersion "1"]
[SourceVersionDate "2019.10.17"]
[SourceQuality "1"]

1. e4 e5 2. f4 d6 3. Nf3 Nc6 4. Bc4 h6 5. 0-0 Nf6 6. d3 Bg4 7. c3 Be7 8. h3 Be6 9. Bxe6 fxe6 10. Qb3 Qc8 11. fxe5 dxe5 12. Be3 Rb8 13. Nbd2 0-0 14. d4 Bd6 15. d5 Nd8 16. Bxa7 Ra8 17. Be3 exd5 18. exd5 Kh8 19. c4 b6 20. Qd3 Nf7 21. Nh4 Kg8 22. Ne4 Nxe4 23. Qxe4 Bc5 24. Bxc5 bxc5 25. Qg6 Qa6 26. Qh5 Rad8 1-0